00483 2200157 4500001002100000008004100021035002000062245001900082100003000101260004400131300002000175020002200195082001000217650008500227990001300312INLIS000000000000343 ind  a0010-0423000343 aDREAM OF MUSIC aPRINCESSA DELFINA KARTIKA aJAKARTA SELATANbPT MIZAN PUBLIKAc2013 a93 hlm.c21 cm. a978-602-7816-51-0 a741.5 aCARTOONS, CARICATURES, COMICS ( CARTOON FICTION, GRAPHIC NOVEL(VISUAL NOVELS ) ) a102681-1